000 00684nam a2200193 a 4500
001 000031390
005 20200930062910.0
008 110620s1952 dr c 000 | spa d
040 _aDO-SdBNP
_bspa
_cBNPHU
082 _axxx
_bP349c, 1952
100 1 _aPeña Rincón, Ismael de
_957798
245 1 0 _aCotuí :
_blo que fué, lo que es y lo que puede ofrecer /
_cIsmael de Peña Rincón ; prólogo de Rafael de Peña Roulet.
250 _a2a ed.
260 _aCiudad Trujillo, República Dominicana :
_bMontalvo,
_c1952.
300 _a23 p. :
_bretr. ;
_c24 cm.
500 _aIncluye notas al pie de las páginas.
700 1 _aPeña Roulet, Rafael de,
_epról.
_957809
049 _aBNPD
999 _c30882
_d30882